|
|
|
|
| LEADER |
00000nam a2200000 a 4500 |
| 001 |
vtls008384631 |
| 003 |
SK-MaSNL |
| 005 |
20260301181757.0 |
| 008 |
240314s1944 xo slo |
| 015 |
|
|
|a SKSNBA19421945-073/1626
|
| 035 |
|
|
|a SK01SNKBKSD220010076848
|
| 035 |
|
|
|a SKM000079311
|
| 040 |
|
|
|a SNK
|b slo
|c SNK
|e AACR2
|
| 041 |
0 |
|
|a slo
|
| 044 |
|
|
|a xo
|c SK
|
| 080 |
|
|
|a 821.162.4
|2 2009
|
| 100 |
1 |
|
|a Martinský, Ivan
|4 aut
|9 554762
|
| 245 |
1 |
0 |
|a Veľký človek
|c Ivan Martinský
|
| 260 |
|
|
|a Bratislava
|b Matej Josko
|c 1944
|e Žilina
|f Andrej, fil.
|
| 300 |
|
|
|a 41 s.
|c 22 cm
|
| 490 |
0 |
|
|a Svetové romány
|v č. 192
|
| 650 |
0 |
7 |
|a slovenská literatúra
|2 SNKPH
|9 1115
|
| 655 |
|
7 |
|a romány
|2 SNKPH
|9 1390
|
| 830 |
|
0 |
|a Svetové romány
|9 296102
|
| 958 |
|
|
|a RK
|
| 958 |
|
|
|a TL
|
| 999 |
|
|
|c 851213
|d 853143
|
| 952 |
|
|
|a SNK
|b SNK
|y PREZ
|7 0
|p 17A0810772
|o snkSC 162321
|i snk2014/23472
|8 3
|g 2.00
|0 0
|1 0
|4 0
|d 2014-10-29
|l 0
|r 2025-08-26 00:00:00
|w 2026-02-24
|